| 000 | 01312nam a2200193 a 4500 | ||
|---|---|---|---|
| 008 | 180618s2011 ||||||||||||||||| || u | ||
| 050 | _aCTA(08)PGS/17A | ||
| 110 | _aTechnical Centre for Agricultural and Rural Cooperation (CTA) | ||
| 245 | 1 | 0 |
_aIntensive rice cultivation _cby Technical Centre for Agricultural and Rural Cooperation (CTA) |
| 260 |
_aWageningen: _c2011 |
||
| 300 | _a7 pages : illustrations | ||
| 650 | _aRICE--ECONOMIC ASPECTS | ||
| 650 | _aRICE--POSTHARVESTING TECHNOLOGY | ||
| 650 | _aGRAIN PRODUCTION | ||
| 995 |
_aSPECIAL COLLECTIONS _e3583 _FCBU-MAIN LIBRARY (Kitwe) _jCTA(08)PGS/17F _M6 _UAVAILABLE _WJun 18, 2018 _XTechnical Centre for Agriculture and Rural Cooperation _yB3583 _ZUniversity Collection |
||
| 995 |
_aSPECIAL COLLECTIONS _e3584 _FCBU-MAIN LIBRARY (Kitwe) _jCTA(08)PGS/17G _M7 _UAVAILABLE _WJun 18, 2018 _XTechnical Centre for Agriculture and Rural Cooperation _yB3584 _ZUniversity Collection |
||
| 995 |
_aSPECIAL COLLECTIONS _e3586 _FCBU-MAIN LIBRARY (Kitwe) _jCTA(08)PGS/17H _M8 _UAVAILABLE _WJun 18, 2018 _XTechnical Centre for Agriculture and Rural Cooperation _yB3585 _ZUniversity Collection |
||
| 995 |
_aSPECIAL COLLECTIONS _e3582 _FCBU-MAIN LIBRARY (Kitwe) _jCTA(08)PGS/17E _M5 _UAVAILABLE _WJun 18, 2018 _XTechnical Centre for Agriculture and Rural Cooperation _yB3582 _ZUniversity Collection |
||
| 999 |
_c77474 _d77474 |
||